Statystyki dla Dżem - Whisky

Kliknij tutaj aby rozwiązać quiz!

Ogólne statystyki

  • Ten quiz został rozwiązany 195 razy
  • Średni wynik to 21 z 28

Statystyki odpowiedzi

Tekst % poprawnych
Mówią o mnie w mieście "Co z niego za {typ}"?
95%
Czego szuka w naszym {mieście}?
95%
Mówią: {whisky} to nie wszystko,
95%
{Whisky}, moja żono, jednak Tyś najlepszą z dam.
95%
Wciąż chodzi pijany, pewno nie wie co to {wstyd}
91%
Można bez niej {żyć},
88%
Kiepski byłby {mąż}".
85%
Ale kiepski byłby z Ciebie {mąż},
85%
Spać w czystej pościeli, świeże {mleko} pić.
80%
Już mnie nie {opuścisz}, nie, nie będę sam.
78%
Lecz nie chciała tam {zamieszkać} żadna z pięknych dam.
77%
Nie chcę już, nie chcę już {samotnym} być, nie!
75%
To {samotnym} być,
75%
Nie chcę już {samotnym} być, nie!
75%
Że najgorzej to, to {samotnym} być.
75%
Naprawdę chciałem {zmądrzeć} i po ich stronie być.
75%
Chciałem kiedyś {zmądrzeć}, po ich stronie być,
75%
To {samotnym} być.
75%
Brudny, niedomytek, w {stajni} ciągle śpi!
72%
Idź do diabła" - mówią ludzie pełni {cnót}.
70%
Pomyślałem więc o {żonie}, aby stać się jednym z nich,
69%
Lecz nie {wiedzą} o tym,
65%
Lecz nie {wiedzą} o tym, że...
65%
Już miałem na oku {hacjendę}, wspaniałą, mówię wam,
64%
Że {najgorzej} w życiu to,
56%
"Bardzo ładny {frak} masz, Billy,
56%
Wszystkie {śmiały się}, wołając, wołając za mną wciąż:
46%

Rozkład punktacji

Percentyl według liczby udzielonych odpowiedzi

Procent ludzi z każdym wynikiem

Twoja historia wyników

Nie rozwiązałeś tego quizu